| 000 | 00488nam a2200169 4500 | ||
|---|---|---|---|
| 001 | 116107 | ||
| 003 | ES-MaACL | ||
| 007 | t| | ||
| 008 | 061121s1953 sp r ||||1| spa d | ||
| 100 | 1 |
_aOrtuño García, Antonio. _987685 |
|
| 245 | 1 | 0 |
_aLuz y alma / _cAntonio Ortuño García. |
| 250 | _a1ª. ed. | ||
| 260 |
_aBarcelona : _b[s.n.], _c1953 ( _fGráf. Mariña) |
||
| 300 |
_a16 h., 1 lám. ; _c17 cm. |
||
| 500 | _aEs el fascículo número 1. | ||
| 852 |
_aES-MaACL _jE-3778 _bR.34382 |
||
| 999 |
_c116107 _d116107 |
||